000 00924cam a2200241 a 4500
020 _a9780073403038 (alk. paper)
020 _a0073403032 (alk. paper)
040 _cDLC
082 0 0 _a808 MCG 2008 A115 Or.
100 1 _aTepper, Pamela R.,
245 1 0 _aBasic legal writing for paralegals /
250 _a2nd ed.
260 _aNew York :
_bMcGraw-Hill/Irwin,
_cc2008.
300 _axxi, 362 p. :
_bill. ;
_c28 cm.
490 0 _aMcgraw-hill business careers paralegal titles
500 _aRev. ed. of: Basic legal writing / Pamela R. Tepper ; contributing author, Herbert G. Feuerhake. c1992.
650 0 _aLegal composition.
700 1 _aTepper, Pamela R.,
856 4 1 _uhttp://www.loc.gov/catdir/enhancements/fy0703/2006035087-t.html
856 4 2 _uhttp://www.loc.gov/catdir/enhancements/fy0810/2006035087-d.html
856 4 2 _uhttp://www.loc.gov/catdir/enhancements/fy0810/2006035087-b.html
942 _cAEDBB
999 _c17479
_d17479